Jadeed Fehrist Matbooat Darul Musanafin (Record no. 5444)

MARC details
000 -LEADER
fixed length control field 00546nam a2200217 a 4500
020 ## - INTERNATIONAL STANDARD BOOK NUMBER
ISBN
082 00 - DEWEY DECIMAL CLASSIFICATION NUMBER
Classification number 017.2
Author Cutter MAK
245 ## - TITLE STATEMENT
Title Jadeed Fehrist Matbooat Darul Musanafin
260 ## - PUBLICATION, DISTRIBUTION, ETC. (IMPRINT)
Place of publication Azamgarh
Name of publisher Maktaba Darul Musanafin
Year of publication 1969
300 ## - PHYSICAL DESCRIPTION
Number of Pages 16p
500 ## - GENERAL NOTE
General note includes index and biblioraphy
650 ## - SUBJECT ADDED ENTRY--TOPICAL TERM
Topical Term Catalogue-Books
942 ## - ADDED ENTRY ELEMENTS (KOHA)
Koha item type Books
Holdings
Collection code Home library Current library Date acquired Cost, normal purchase price Full call number Accession Number Koha item type
  Henry Martyn Institute Library Henry Martyn Institute Library 05/30/2007 10.00 017.2 MAK 06109 Books
                   Copyright © 2026 | Henry Martyn Institute | Hyderabad | TS-500052 | INDIA | Implemented by hmi.edu.in
Hit-Count:

Powered by Koha